Hacia el derecho administrativo global: fundamentos, principios y m̀bito de aplicacin̤

Detalles Bibliográficos
Autor principal: Kingsbury, Benedict
Otros Autores: B. Stewart, Richard
Formato: Libro
Lenguaje:inglés
Publicado: Espaą Instituto Nacional de Administracin̤ Pb︢lica (INAP) 2016
Materias:
Acceso en línea:Acceso restringido

MARC

LEADER 00000nam a22000007a 4500
005 20160302120531.0
007 cr|||| ||u|
008 160302s2016 ||||| ||||s00||0 eng d
020 |a 978-84-7351-476-7 
035 |a 14005 
040 |a vLex 
090 |c 5949  |d 5949 
100 1 |a Kingsbury, Benedict  
245 1 0 |a Hacia el derecho administrativo global: fundamentos, principios y m̀bito de aplicacin̤  |h [Recurso electrn̤ico] /   |c Benedict Kingsbury  
256 |a Servicio en ln̕ea 
260 |a Espaą  |b Instituto Nacional de Administracin̤ Pb︢lica (INAP)  |c 2016 
300 |a 1 recurso electrn̤ico 
500 |a Richard B. Stewart y Benedict Kingsbury, dos especialistas de talla mundial en sus respectivas materias (Derecho Administrativo y Derecho Internacional), han sabido aportar, desde la Universidad de Nueva York, lo mejor de su pensamiento para iniciar hace una dčada1 un apasionante y sugestivo proyecto en comn︢, la construccin̤ de un nuevo campo –el Derecho Administrativo Global–, abierto a la entera comunidad acadm̌ica, a los profesionales y a todos los operadores jurd̕icos relacionados con la gobernanza transnacional, y que pronto encontrara̕ un enorme eco en la teora̕ y en la prc̀tica, en la ciencia y en la profesin̤, en todos los continentes. 
506 1 |a Contenido solo disponible en los productos indicados   |d vLex Global  |d vLex Global (Academic Edition, excluding Law Schools)  |d vLex Global (U.S. Academic Edition, Law Schools)  |d vLex Global (U.S. Academic Edition, excluding Law Schools)  |d vLex Global (Academic Edition, Law Schools) 
650 0 4 |a Derecho  |z Espaą 
700 1 |a B. Stewart, Richard  
740 0 |a vLex libros (servicio en ln̕ea)  
856 4 0 |u http://vlex.com/source/hacia-el-derecho-administrativo-global-fundamentos-principios-y-ambito-de-aplicacion-14005  |z Acceso restringido 
942 |c BOOK